Economics today / (Record no. 14244)
[ view plain ]
| 000 -LEADER | |
|---|---|
| fixed length control field | 00665cam a2200193 a 4500 |
| 020 ## - INTERNATIONAL STANDARD BOOK NUMBER | |
| ISBN | 0060445017 (student edition) |
| 020 ## - INTERNATIONAL STANDARD BOOK NUMBER | |
| ISBN | 0060444851 (teacher edition) |
| 040 ## - CATALOGING SOURCE | |
| Transcribing agency | DLC |
| 082 00 - DEWEY DECIMAL CLASSIFICATION NUMBER | |
| Classification number | 330 HAR 1991 A065 Co. |
| 100 1# - MAIN ENTRY--AUTHOR NAME | |
| Personal name | Miller, Roger LeRoy. |
| 245 10 - TITLE STATEMENT | |
| Title | Economics today / |
| 250 ## - EDITION STATEMENT | |
| Edition statement | 7th ed. |
| 260 ## - PUBLICATION, DISTRIBUTION, ETC. (IMPRINT) | |
| Place of publication | New York, NY : |
| Name of publisher | HarperCollins, |
| Year of publication | c1991. |
| 300 ## - PHYSICAL DESCRIPTION | |
| Number of Pages | xxx, 944, [56] p. : |
| Other physical details | ill. (some col.) ; |
| Dimensions | 26 cm. |
| 500 ## - GENERAL NOTE | |
| General note | "Your economic life : the practical applications of economics : a student guide to accompany Economics today, seventh edition" (29 p. ; 21 cm.) inserted. |
| 500 ## - GENERAL NOTE | |
| General note | Includes index. |
| 650 #0 - SUBJECT ADDED ENTRY--TOPICAL TERM | |
| Topical Term | Economics. |
| 942 ## - ADDED ENTRY ELEMENTS (KOHA) | |
| Koha item type | សៀវភៅភាសាអង់គ្លេស |
| 952 ## - LOCATION AND ITEM INFORMATION (KOHA) | |
| Withdrawn status [LOCAL, KOHA] | 0 |
| Permanent Location | Date acquired | Koha item type | Lost status | Shelving location | Barcode | Current Location | Full call number |
|---|---|---|---|---|---|---|---|
| Library Block A | 2017-10-11 | សៀវភៅភាសាអង់គ្លេស | A065 | A19553 | Library Block A | 330 HAR 1991 A065 Co. |